| 000 | 00939nam a22003017a 4500 | ||
|---|---|---|---|
| 003 | CHAP | ||
| 005 | 20220329134316.0 | ||
| 008 | 971013s1981 r 00010 d | ||
| 010 | _a18519 | ||
| 011 | _a19491 | ||
| 035 | _a23576 | ||
| 040 | _cCHAP | ||
| 082 |
_a620.11 _bA5 |
||
| 100 | 0 | 0 |
_aAlexander, John M. _93822 |
| 245 | _aStrength of materials | ||
| 260 |
_aChichester, England : _bHorwood, _c1981 |
||
| 300 | _av. | ||
| 490 |
_aEllis Horwood series in enginering science _v; 1- |
||
| 500 | _aLa biblioteca tiene: v.1 Fundamentals | ||
| 590 |
_aBATCH-UPD _b10 _c20130110 _lUCH01 _h0340 |
||
| 590 |
_aBATCH-UPD _b10 _c20130110 _lUCH01 _h2142 |
||
| 590 |
_aCONVERSION _b10 _c20130109 _lUCH01 _h1311 |
||
| 650 | 1 | 4 |
_aResistencia de materiales. _996123 |
| 830 | 0 |
_aEllis Horwood series in enginering science _v; 1- _936376 |
|
| 901 | _aBK | ||
| 942 | _cLIBRO | ||
| 949 |
_a620.11 A5 _bBC _cLIBRO _d33724000013322 _eLIBRO _h56005 _i23576 _si |
||
| 999 |
_c18519 _d18519 |
||